Westworld Season 1 Trivia - Statistics

General Stats
  • This quiz has been taken 272 times
    270 since last reset
  • The average score is 17 of 26
Answer Stats
Hint Answer % Correct
The man in black is trying to find the center of: the Maze
91%
The rancher's daughter Dolores Abernathy
90%
Network the show originally aired on HBO
86%
What the androids in the park are called Hosts
86%
The man in black's real name William
83%
The park's surviving co-founder Robert Ford
82%
A character's shift from hero to villain is represented by changing what article of clothing his hat
81%
Name of the brothel matron Maeve Millay
81%
These violent delights have _______ ____ These violent delights have {violent} {ends}
81%
Gunfighter and ex-flame of #3 Teddy Flood
79%
Actor who played the above Anthony Hopkins
74%
Name of the park's deceased co-founder Arnold Weber
71%
Her prostitute friend Clementine Pennyfeather
71%
Company that operates the park Delos
70%
Her mass murdering alter-ego Wyatt
70%
Actor who played the older version of the above Ed Harris
64%
Indians in the park {Ghost} Nation
63%
Name of the town where new guests arrive at Sweetwater
61%
Actress who played the above Evan Rachel Wood
57%
Name either of the show's co-creators Jonathan Nolan or Lisa Joy
51%
Gestures linked to specific memories Reveries
51%
Price tag for one day at the park in dollars $40,000
41%
Name any of the popular artists covered by the above Rolling Stones, Radiohead, etc.
38%
Composer behind the show's soundtrack Ramin Djawadi
36%
Novelist who directed the 1973 film Westworld Michael Crichton
19%
Programming that prevents androids from harming guests {Samaritan} Reflex
11%
No matching quizzes found
Score Distribution
Percent of People with Each Score
Percentile by Number Answered
Your Score History
You have not taken this quiz since the last reset